| 000 | 00806nam a2200217Ia 4500 | ||
|---|---|---|---|
| 005 | 20240530105327.0 | ||
| 008 | 140319s1993 xx 000 0 ara d | ||
| 040 |
_aGCL / _cGCL |
||
| 082 | 0 | 4 |
_a657.837 / _bف م |
| 100 | _aفؤاد السيد المليجى | ||
| 245 | 1 | 0 |
_aالمحاسبة فى الانشطة السياحية والفندقية بالقطاع العام والخاص / _cتاليف فؤاد السيد المليجى |
| 260 |
_aالاسكندرية : _bمؤسسة شباب الجامعة ، _c1993 |
||
| 300 |
_a243 ص ؛ _c24 سم |
||
| 650 | 0 | 4 | _2المحاسبة |
| 650 | 0 | 4 | _2السياحة |
| 650 | 0 | 4 | _2الفنادق |
| 650 | 0 | 4 | _2القطاع العام |
| 650 | 0 | 4 | _2القطاع الخاص |
| 942 |
_2ddc _cBK |
||
| 999 |
_c54961 _d54961 |
||